The genesis of romanian football social factors and processes behind the game /

The present article deals with those social and economic factors that contributed to the genesis of Romanian soccer at the turn of the previous century. The author argues that football was imported from abroad via peregrination and schools, but certain social processes, such as urbanization, capital...

Teljes leírás

Elmentve itt :
Bibliográfiai részletek
Szerző: Péter László
Dokumentumtípus: Cikk
Megjelent: Belvedere Meridionale Szeged 2014
Sorozat:Belvedere Meridionale 26 No. 4
Kulcsszavak:Labdarúgás története - szociológia - Románia - 20-21. sz.
Tárgyszavak:
mtmt:http://dx.doi.org/10.14232/belv.2014.4.6
Online Access:http://acta.bibl.u-szeged.hu/34722
LEADER 01943nab a2200217 i 4500
001 acta34722
005 20250704080948.0
008 161017s2014 hu o 000 eng d
024 7 |a http://dx.doi.org/10.14232/belv.2014.4.6  |2 doi 
040 |a SZTE Egyetemi Kiadványok Repozitórium  |b hun 
041 |a eng 
100 1 |a Péter László 
245 1 4 |a The genesis of romanian football   |h [elektronikus dokumentum] :  |b social factors and processes behind the game /  |c  Péter László 
260 |a Belvedere Meridionale  |b Szeged  |c 2014 
300 |a 81-94 
490 0 |a Belvedere Meridionale  |v 26 No. 4 
520 3 |a The present article deals with those social and economic factors that contributed to the genesis of Romanian soccer at the turn of the previous century. The author argues that football was imported from abroad via peregrination and schools, but certain social processes, such as urbanization, capitalization and the appearance of massive working classes, are the reasons why this beautiful game became socially embedded in the local environments. The different circumstances in Banat and Transylvania and in the old Romanian Kingdom marked the social history and trajectory “travelled” by the ball. While in the western part of the country, football arrived in a fertile ground because of the already existing bourgeois sport associations and the rapidly emerging local working classes, the role of foreign companies and expats in implementing football was more significant in the southern regions. This difference in the genesis of the game produced two distinct styles of playing football. These two styles clearly reflect the historical and social background specific to the different regions. 
650 4 |a Társadalomtudományok 
650 4 |a Szociológia 
695 |a Labdarúgás története - szociológia - Románia - 20-21. sz. 
856 4 0 |u http://acta.bibl.u-szeged.hu/34722/1/belvedere_2014_004_081-094.pdf  |z Dokumentum-elérés